000 00653nam a2200205Ii 4500
003 JO-AjNU
008 230605s9999||||xx |||||||||||||| ||und||
017 _a2005/5/1060
040 _aJO-AjNU
_bara
_erda
_cJO-AjNU
041 _aara
050 1 4 _aPJ7519.L6.S9 2005
100 3 _aأبو صلاح، مروان,
_eauthor
_924407
245 0 0 _aمراتب الحب عند العرب وأشهر محبيهم
264 3 1 _aعمان: المؤلف، 2005
300 _a222ص
336 _atext
_btxt
_2rdacontent
337 _aunmediated
_bn
_2rdamedia
338 _avolume
_bnc
_2rdacarrier
650 4 _aالأدب العربي - تحليل ونقد
_924408
999 _aA8982
_c12550
_d12550